Normal view
MARC view
Entry Personal Name
001 - CONTROL NUMBER
- control field: 9417
003 - CONTROL NUMBER IDENTIFIER
- control field: ARRUPE
005 - DATE AND TIME OF LATEST TRANSACTION
- control field: 20140326125246.0
008 - FIXED-LENGTH DATA ELEMENTS
- fixed length control field: 140326|| aca||aabn | a|a d
040 ## - CATALOGING SOURCE
- Original cataloging agency: ARRUPE
- Transcribing agency: ARRUPE
100 ## - HEADING--PERSONAL NAME
- Personal name: Ebert, Andreas.
670 ## - SOURCE DATA FOUND
- Source citation: Work cat.: (ARRUPE)0: Rohr, Richard. 9414, Discovering the enneagram :, 1991